000 00373pab a2200157 454500
008 180718b2013 xxu||||| |||| 00| 0 eng d
100 _aRohit
245 _aThe slide by the rupee: Is Bernanke responsible?
260 _c2013
300 _ap.10-12.
362 _a3 Aug
650 _aMoney
773 _aEconomic and Political Weekly
908 _aN
909 _a101359
999 _c101357
_d101357